La novela picaresca

Saved in:
書目詳細資料
主要作者: Souiller, Didier (Author)
格式: 圖書
語言:西班牙语
出版: Ciudad de México Fondo de Cultura Económica 1985
叢編:Breviarios del Fondo de Cultura Económica, 374
主題:
標簽: 添加標簽
沒有標簽, 成為第一個標記此記錄!

MARC

LEADER 00000nam a2200000 a 4500
001 UCX2422
003 CL-VaPUC
008 910513e19850000MX |||||||||||||||||spa|d
082 0 4 |a 801.953  |b SOU  |2 21 
100 0 |a Souiller, Didier  |e author  |9 318353 
245 1 3 |a La novela picaresca 
300 |a 192 p 
942 |c BK 
945 |d 19910513 00:00:00 
260 |a Ciudad de México  |b Fondo de Cultura Económica  |c 1985 
650 0 |a Literatura picaresca  |9 313752 
650 0 |a Historia y crítica   |9 257407 
583 |a last modification  |c 19910513 00:00:00  |k Rodrigo Vera 
490 0 |a Breviarios del Fondo de Cultura Económica, 374 
999 |c 223449  |d 223447 
952 |0 0  |1 0  |4 0  |6 801_953000000000000_SOU_1985  |7 0  |8 A  |9 219230  |a BIBEDU  |b BIBEDU  |d 2019-11-15  |i 2880016  |o 801.953 SOU 1985  |p 2880016  |r 2019-11-15  |w 2019-11-15  |y BK  |k LIT 
952 |0 0  |1 0  |4 0  |6 801_953000000000000_SOU_1985  |7 0  |8 A  |9 219231  |a FDOPOS  |b FDOPOS  |d 2019-11-15  |i 281997K  |o 801.953 SOU 1985  |p 281997K  |r 2025-01-22  |w 2019-11-15  |y BK  |k MLH